John Cotton /

Bibliographic Details
Main Author: Emerson, Everett H., 1925-
Format: Book
Language:English
Published: New York : Twayne Publishers, [1965]
Series:Twayne's United States authors series ; TUSAS 80.
Subjects:

MARC

Tag First Indicator Second Indicator Subfields
LEADER 00000cam a22000001 4500
001 in00000039515
005 20151007081804.0
008 730220s1965 nyu 001 0beng
010 |a  65013000  
035 |a (OCoLC)00386667 
035 |9 AAF6911AM 
040 |a DLC  |c DLC  |d TXA  |d UtOrBLW 
049 |a TXAM  |c [415531] 
050 0 0 |a BX7260.C79  |b E5 
090 |a BX7260.C79  |b E5 1965 
092 |a 285.9  |b E53j 
100 1 |a Emerson, Everett H.,  |d 1925- 
245 1 0 |a John Cotton /  |c by Everett H. Emerson. 
264 1 |a New York :  |b Twayne Publishers,  |c [1965] 
300 |a 176 pages ;  |c 21 cm. 
336 |a text  |b txt  |2 rdacontent 
337 |a unmediated  |b n  |2 rdamedia 
338 |a volume  |b nc  |2 rdacarrier 
490 1 |a Twayne's United States authors series, 80 
500 |a Includes bibliographical references and index. 
536 |a From the library of Harrison T. Meserole, 2002. 
600 1 0 |a Cotton, John,  |d 1584-1652. 
650 0 |a Puritans. 
830 0 |a Twayne's United States authors series ;  |v TUSAS 80. 
999 |a MARS 
999 f f |s 9cfbb5c3-7691-3490-8c47-1680ad6196d4  |i 02f2bfef-67d9-3826-aadd-31d05f3b5d46  |t 0 
952 f f |p ric  |a Texas A&M University  |b Rellis Campus  |c Joint Library Facility  |d Remote Storage  |t 0  |e BX7260.C79 E5 1965  |h Library of Congress classification  |i unmediated -- volume  |m A14829940151 
998 f f |a BX7260.C79 E5 1965  |t 0  |l Remote Storage